01004cam a2200289 a 450000100090000000300040000900500170001300800410003001000170007102000180008803500230010603800120012904000580014104100130019905000230021208200200023513000370025524501100029226000500040230000470045250400410049956300150054065000470055565000480060270000360065070000280068614658383OSt20211111115803.0061206s2007 paua bde 000 0 eng  a 2006100615 a9780768017052 a(OCoLC)ocm76967206 akhadija aDLCcDLCdYDXdBTCTAdYDXCPdOCLCGdBAKERdOCLCGdDLC1 aenghger00aTJ785b.L4913 200700a629.25222bMOD0 aLexikon MotorentechniklEnglish.10aModern engine technology bfrom A to Z /c[edited by] Richard van Basshuysen and Fred Schäfer, editors. aWarrendale, Pa. :bSAE International,cc2007. axix, 1047 p. :bill. (some col.) ;c24 cm. aIncludes bibliographical references. ahard cover 0aInternal combustion enginesvDictionaries. 0aInternal combustion enginesvEncyclopedias.1 aVan Basshuysen, Richard,d1932-1 aSchäfer, Fred,d1948-